000 00605nam a2200193Ia 4500
001 14952
003 GE_BSU
008 181216s||||||||xx |||||||||||||| ||und||
040 _cGE_BSU
080 _a510(075.3)
100 _aБолтянский,В.Г. Сидоров,Ю.В. Шабунин,М.И.
245 _aЛекции и задачи по элементарной математике
260 _aМосква
260 _bНаука
260 _c1974
300 _a575стр.20см.
653 _aЛекции и задачи по элементарной математике
942 _cBK
999 _c48072
_d48072